Essex County, MA - Map Quiz - Statistics

General Stats
  • This quiz has been taken 152 times
  • The average score is 19 of 34
Answers on the Map
Answers color-coded by a green-red scale on the quiz's map according to % correct below.
 
Answer Stats
Answer % Correct
Amesbury
76%
Rockport
76%
Salisbury
76%
Gloucester
74%
Merrimac
72%
Nahant
72%
Newburyport
67%
Methuen
65%
Manchester-by-the-Sea
63%
Newbury
63%
Andover
61%
Haverhill
61%
Lawrence
61%
Rowley
61%
West Newbury
61%
Ipswich
59%
Groveland
57%
Marblehead
57%
Beverly
54%
Essex
52%
North Andover
52%
Salem
52%
Georgetown
50%
Hamilton
50%
Lynn
46%
Middleton
46%
Swampscott
46%
Boxford
43%
Danvers
43%
Lynnfield
43%
Peabody
43%
Wenham
43%
Topsfield
39%
Saugus
37%
No matching quizzes found
Score Distribution
Percent of People with Each Score
Percentile by Number Answered
Your Score History
You have not taken this quiz